000 00652nam a2200205Ia 4500
001 5315
003 GE_BSU
008 181216s||||||||xx |||||||||||||| ||und||
040 _cGE_BSU
080 _a512+514+517.5(075.8)
100 _aБогомолов, Н.В.
245 _aПрактические занятия по математике.
245 _bучеб пособие для сред. спец. учеб. заведений.
260 _aМосква
260 _bВысшая школа
260 _c1979
300 _a447 с. 22 см.
653 _aПрактические занятия по математике.
942 _cBK
999 _c38900
_d38900